| 000 | 01424nam a2200253Ia 4500 | ||
|---|---|---|---|
| 003 | Ost | ||
| 005 | 20260416102356.0 | ||
| 008 | 260416s9999||||xx |||||||||||||| ||und|| | ||
| 040 | _cfsecg | ||
| 041 | _aara | ||
| 082 | _a336 | ||
| 100 |
_aدنداني، محمد أمين _eمؤلف |
||
| 245 | 0 |
_aدروس وتمارين تطبيقية في مقياس التحليل المالي / _c محمد أمين دنداني |
|
| 260 |
_aالجزائر _bجامعة الجزائر3: كلية العلوم الإقتصادية، العلوم التجارية وعلوم التسيير _c2020 |
||
| 300 |
_a95 ورقة _bايضاحات _c30 سم |
||
| 504 | _aمراجع ص.95 | ||
| 520 | _aالاطار المفاهيمي للتحليل المالي، تقديم القوائم المالية وفق النظام المحاسبي المالي، تحليل الميزانية، تحليل جدول حسابات النتائج، تحليل جدول تدفقات الخزينة، تسيير احتياجات رأس المال العامل، جدول التمويل، حالات تطبيقية. | ||
| 653 | _aالتمويل | ||
| 653 | _aالمالية العامة | ||
| 653 | _aالميزانية | ||
| 653 | _aالنظام المحاسبي | ||
| 710 |
_aجامعة الجزائر3: كلية العلوم الإقتصادية، العلوم التجارية وعلوم التسيير _eناشر علمي |
||
| 942 | _cHANDOUT | ||
| 999 |
_c41204 _d41204 |
||